Media, crime and racism

Guardado en:  
Detalles Bibliográficos
Autor principal: Bhatia, Monish (Autor)
Tipo de documento: Print Libro
Lenguaje:Inglés
Publicado: Basingstoke, Hampshire Palgrave Macmillan 2018
En:Año: 2018
Verificar disponibilidad: HBZ Gateway
Servicio de pedido Subito: Pedir ahora.
Palabras clave:

MARC

LEADER 00000cam a22000002c 4500
001 101864864X
003 DE-627
005 20260429224158.0
007 tu
008 180414s2018 xxk||||| 00| ||eng c
016 7 |a GBB830557  |2 UK 
020 |a 9783319717753  |q hbk. : £120.00  |9 978-3-319-71775-3 
020 |z 9783319717760  |q PDF ebook : £120.00 
035 |a (DE-627)101864864X 
035 |a (DE-599)BSZ501149643 
035 |a (OCoLC)1039712150 
040 |a DE-627  |b ger  |c DE-627  |e rakwb 
041 |a eng 
044 |c XA-GB 
082 0 |a 364.254  |q BSZ 
084 |a 2,1  |2 ssgn 
245 0 0 |a Media, crime and racism  |c edited by Monish Bhatia, Scott Poynting, Waqas Tufail 
264 1 |a Basingstoke, Hampshire  |b Palgrave Macmillan  |c 2018 
300 |a 1 volume  |b illustrations (black and white, and colour)  |c 21 cm 
336 |a Text  |b txt  |2 rdacontent 
337 |a ohne Hilfsmittel zu benutzen  |b n  |2 rdamedia 
338 |a Band  |b nc  |2 rdacarrier 
490 0 |a Palgrave studies in crime, media and culture 
650 4 |a Crime and race 
650 4 |a Crime and the press 
650 4 |a Crime in mass media 
650 4 |a Mass media and criminal justice 
689 0 0 |d s  |0 (DE-588)4033178-7  |0 (DE-627)10458503X  |0 (DE-576)209000511  |a Kriminalität  |2 gnd 
689 0 1 |d s  |0 (DE-588)4037877-9  |0 (DE-627)106235079  |0 (DE-576)209027029  |a Massenmedien  |2 gnd 
689 0 2 |d s  |0 (DE-588)4005709-4  |0 (DE-627)106380176  |0 (DE-576)208862420  |a Berichterstattung  |2 gnd 
689 0 3 |d s  |0 (DE-588)4076527-1  |0 (DE-627)10445184X  |0 (DE-576)209202130  |a Rassismus  |2 gnd 
689 0 |5 DE-101 
700 1 |8 1\p  |a Bhatia, Monish  |e VerfasserIn  |0 (DE-588)1183423373  |0 (DE-627)1663191840  |4 aut 
883 |8 1\p  |a cgwrk  |d 20260401  |q DE-101  |u https://d-nb.info/provenance/plan#cgwrk 
951 |a BO 
ELC |b 1 
LOK |0 000 xxxxxcx a22 zn 4500 
LOK |0 001 4912361615 
LOK |0 003 DE-627 
LOK |0 004 101864864X 
LOK |0 005 20260210143420 
LOK |0 008 260210||||||||||||||||ger||||||| 
LOK |0 040   |a DE-2619  |c DE-627  |d DE-2619 
LOK |0 092   |o n 
LOK |0 852   |a DE-2619 
LOK |0 852 1  |9 00 
LOK |0 939   |a 2026-02-10  |b l01 
ORI |a WA-MARC-krimdoka001.raw